000 00551nam a22002057a 4500
003 OSt
005 20140310182843.0
008 130610t xxu||||| |||| 00| 0 eng d
020 _a0912692375
050 _aBV 4832.2
_b.C155 1974
082 _aM 811
_bC12 1974
245 _aTell me again, Lord, I forget /
_cCalkin, Ruth Harms
260 _aElgin, IL :
_bDavid C. Cook Publishing Co,
_cc1974.
300 _a94 p. :
_c18 cm.
521 _acollege students
526 _c1210-1700L
541 _j1
562 _e1
942 _2lcc
_cBK
_kM
999 _c16886
_d16886